banner-ar

المدير المحترف وحلقات التميز / (Record no. 49393)

MARC details
000 -الفاتح
حقل البيانات ثابتة الطول 00693nam a2200217Ia 4500
008 - عناصر البيانات ثابتة الطول - معلومات عامة
حقل البيانات ثابتة الطول 140319s9999 xx 000 0 ara d
040 ## - مصدر الفهرسة
وكالة الفهرسة الأصلية GCL /
وكالة النسخ GCL
082 04 - رقم تصنيف ديوى العشرى
رقم التصنيف 650.1
رقم المادة ع م
100 1# - المدخل الرئيسى - إسم شخصى
الإسم الشخصى عبدالفتاح دياب حسين
245 10 - بيان العنوان
العنوان المدير المحترف وحلقات التميز /
بيان المسئوليه,etc عبدالفتاح دياب حسين
700 1# - المدخل الاضافى - اسم شخصى
الإسم الشخصى حشمت جبر
700 1# - المدخل الاضافى - اسم شخصى
الإسم الشخصى ياسر فاروق
300 ## - الوصف المادى
التعداد 144 ص
490 ## - بيان السلسلة
عنوان السلسلة سلسلة مطبوعات المجموعة الاستشارية العربي
رقم المجلد/ التعيين التسلسلي 0
650 04 - المدخل الاضافى بالموضوع-مصطلح موضوعى
مصطلح موضوعي الادارة
650 04 - المدخل الاضافى بالموضوع-مصطلح موضوعى
مصطلح موضوعي ادارة الافراد
650 04 - المدخل الاضافى بالموضوع-مصطلح موضوعى
مصطلح موضوعي القيادة
650 04 - المدخل الاضافى بالموضوع-مصطلح موضوعى
مصطلح موضوعي المديرون
942 ## - عناصر المدخل الإضافي( كوها)
مصدر التصنيف او مخطط الترفيف Dewey Decimal Classification
Koha [default] item type كتاب
Holdings
حالة التراجع حالة الفقد حالة تلف ليس للاعارة المكان المؤقت الموقع الحالى تاريخ الاكتساب اجمالي اﻻعارات رقم الطلب الباركود تاريخ اخر مشاهدة تاريخ تفعيل السعر نوع وعاء كوها
        مكتبة القاهرة الكبرى مكتبة القاهرة الكبرى 03/26/2014   650.1\ع م 118715 03/26/2014 03/26/2014 كتاب
        مكتبة القاهرة الكبرى مكتبة القاهرة الكبرى 03/26/2014   650.1\ع م 118716 03/26/2014 03/26/2014 كتاب

Powered By

EGPV